Forest Industries Development Council (Record no. 120417)

MARC details
000 -LEADER
fixed length control field 00710cam a2200193 4500
001 - CONTROL NUMBER
control field WS125617
008 - FIXED-LENGTH DATA ELEMENTS--GENERAL INFORMATION
fixed length control field 040326n 000 0 eng u
035 ## - SYSTEM CONTROL NUMBER
System control number (Sirsi) u125617
110 ## - MAIN ENTRY--CORPORATE NAME
Corporate name or jurisdiction name as entry element Forest Industries Development Council
9 (RLIN) 4605
245 ## - TITLE STATEMENT
Title Forest Industries Development Council
520 ## - SUMMARY, ETC.
Summary, etc. Web site for this partnership of key specialist associations and businesses in UK forestry. Includes details of their current work.
650 ## - SUBJECT ADDED ENTRY--TOPICAL TERM
Topical term or geographic name entry element FORESTRY
650 ## - SUBJECT ADDED ENTRY--TOPICAL TERM
Topical term or geographic name entry element ORGANISATION
650 ## - SUBJECT ADDED ENTRY--TOPICAL TERM
Topical term or geographic name entry element FOREST INDUSTRY COMMITTEE OF GREAT BRITAIN
650 ## - SUBJECT ADDED ENTRY--TOPICAL TERM
Topical term or geographic name entry element SUSTAINABLE FORESTRY
690 ## - LOCAL SUBJECT ADDED ENTRY--TOPICAL TERM (OCLC, RLIN)
Topical term or geographic name as entry element Rural
9 (RLIN) 6268
856 40 - ELECTRONIC LOCATION AND ACCESS
Uniform Resource Identifier <a href="https://www.fidc.org.uk">https://www.fidc.org.uk</a>
Public note View the document free of charge at www.fidc.org.uk
942 ## - ADDED ENTRY ELEMENTS (KOHA)
Suppress in OPAC 0
Holdings
Withdrawn status Lost status Source of classification or shelving scheme Damaged status Not for loan Home library Current library Shelving location Date acquired Total Checkouts Full call number Barcode Date last seen Copy number Price effective from Koha item type
    Dewey Decimal Classification     Virtual Virtual Online 26/03/2004   WEB SITE 125617-1001 06/08/2019 1 06/08/2019 Online material